| 000 | 00902nam a2200205Ia 4500 | ||
|---|---|---|---|
| 003 | GCL | ||
| 008 | 140319s9999 xx 000 0 ara d | ||
| 040 |
_aGCL / _cGCL |
||
| 082 | 0 | 4 |
_a922.1 _bذ ت |
| 100 | 1 | _aالذهبى : شمس الدين ابوعبدالله محمد بن احمد بن عثمان التركمانى الفارقى | |
| 245 | 1 | 0 |
_aترجمة الامام احمد من تاريخ الاسلام / _cالذهبى : شمس الدين ابوعبدالله محمد بن احمد بن عثمان التركمانى الفارقى |
| 260 |
_aسوريا : _bدار الوعى |
||
| 300 |
_a79 ص ؛ _c24 سم |
||
| 490 | _a | ||
| 650 | 0 | 4 | _aالاسلام |
| 650 | 0 | 4 | _aالفقه الحنبلى |
| 650 | 0 | 4 | _aالحنبلية |
| 650 | 0 | 4 | _aابن حنبل: ابوعبدالله احمد بن محمد بن هلال بن اسد بن ادريس الشيبانى |
| 942 |
_2ddc _cBK |
||
| 999 |
_c28098 _d28098 |
||